<?xml version="1.0" encoding="UTF-8"?>
<record
    xmlns:xsi="http://www.w3.org/2001/XMLSchema-instance"
    xsi:schemaLocation="http://www.loc.gov/MARC21/slim http://www.loc.gov/standards/marcxml/schema/MARC21slim.xsd"
    xmlns="http://www.loc.gov/MARC21/slim">

  <leader>01507nam a2200217Ia 4500</leader>
  <controlfield tag="001">b6557-47108 </controlfield>
  <controlfield tag="003">IT-MiCISF</controlfield>
  <controlfield tag="008">161014s9999||||xx |||||||||||||| ||und||</controlfield>
  <datafield tag="040" ind1=" " ind2=" ">
    <subfield code="a">IT-MiCISF</subfield>
    <subfield code="c">IT-MiCISF</subfield>
  </datafield>
  <datafield tag="041" ind1=" " ind2=" ">
    <subfield code="a">it</subfield>
  </datafield>
  <datafield tag="100" ind1=" " ind2=" ">
    <subfield code="a">Zattoni Mariateresa</subfield>
  </datafield>
  <datafield tag="245" ind1=" " ind2="0">
    <subfield code="a">Cos&#xEC; lontani, cos&#xEC; vicini</subfield>
    <subfield code="b">Crescere come coppia tra difficolt&#xE0; e speranza</subfield>
  </datafield>
  <datafield tag="250" ind1=" " ind2=" ">
    <subfield code="a">1a ed.</subfield>
  </datafield>
  <datafield tag="260" ind1=" " ind2=" ">
    <subfield code="a">Assisi (PG)</subfield>
    <subfield code="b">Edizioni Porziuncola</subfield>
    <subfield code="c">2009</subfield>
  </datafield>
  <datafield tag="300" ind1=" " ind2=" ">
    <subfield code="a">pp. 244</subfield>
  </datafield>
  <datafield tag="500" ind1=" " ind2=" ">
    <subfield code="a"> / coppia, amore, matrimonio, sessualit&#xE0;, consulenza, conflitto, case-studies / Gli sposi si sentono spesso "lontani" tra loro e percepiscono tutta la distanza, la paura e l'isolamento all'interno del loro cammino. Il moderno contesto culturale non li aiuta a vivere il momento di crisi come un percorso di crescita e come un'occasione propizia per giungere alla pienezza d'amore. Come superare le lontananze, le incomprensioni e le difficolt&#xE0;? Come gestire i conflitti? Come trasformare le delusioni in risorse? In queste pagine, gli AA. si propongono di offrire risposte concrete, per risvegliare la fiducia in tutte le coppie che, quotidianamente, vivono la fatica del loro cammino. Attraverso un'analisi della vita quotidiana e un'ampia serie di situazioni reali, l'esperienza del matrimonio viene riletta nell'ottica della Speranza, per riscoprire con gioia che &#xE8; possibile sentirsi di nuovo "vicini".</subfield>
  </datafield>
  <datafield tag="650" ind1=" " ind2=" ">
    <subfield code="a"> Relazione di coppia / coppia</subfield>
    <subfield code="e">002</subfield>
  </datafield>
  <datafield tag="700" ind1=" " ind2=" ">
    <subfield code="a">Gillini Gilberto</subfield>
  </datafield>
  <datafield tag="942" ind1=" " ind2=" ">
    <subfield code="c">BK</subfield>
  </datafield>
  <datafield tag="957" ind1=" " ind2=" ">
    <subfield code="7">1</subfield>
  </datafield>
  <datafield tag="999" ind1=" " ind2=" ">
    <subfield code="a">47108</subfield>
    <subfield code="b">si</subfield>
    <subfield code="g">1</subfield>
    <subfield code="c">210475</subfield>
    <subfield code="d">210475</subfield>
  </datafield>
  <datafield tag="952" ind1=" " ind2=" ">
    <subfield code="0">0</subfield>
    <subfield code="1">0</subfield>
    <subfield code="4">0</subfield>
    <subfield code="6">B_655747108</subfield>
    <subfield code="7">1</subfield>
    <subfield code="a">CISF</subfield>
    <subfield code="b">CISF</subfield>
    <subfield code="d">2016-10-14</subfield>
    <subfield code="l">0</subfield>
    <subfield code="o">b6557-47108 </subfield>
    <subfield code="r">2016-10-14 00:00:00</subfield>
    <subfield code="w">2016-10-14</subfield>
    <subfield code="y">BK</subfield>
    <subfield code="z">Data import 15.10.2016 / by Epidotti, Vaglietti</subfield>
  </datafield>
</record>
